Yellow Foods by Picture - Statistics

General Stats
  • This quiz has been taken 201 times
  • The average score is 10 of 12
Answer Stats
Picture Hint Answer % Correct
Banana
100%
Lemon
99%
Potato
99%
Corn
98%
Pineapple
98%
Spaghetti
88%
Macaroni
87%
Mustard
81%
Butter
77%
Be Specific Swiss Cheese
71%
Star Fruit
64%
Turmeric
34%
No matching quizzes found
Score Distribution
Percent of People with Each Score
Percentile by Number Answered
Your Score History
You have not taken this quiz